Data analysis of traffic accidents in Slovakia: analysis of traffic accidents with regard to regions of Slovak Republic and types of road communications for year 2016
Ohodnotenie stavu a bezpečnosti cestnej infraštruktúry Slovenska v roku 2016. Porovnanie počtu dopravných nehôd v rôznych regiónoch Slovenska. Definícia cestnej komunikácie regiónov Slovenska.
Gespeichert in:
| 1. Verfasser: | |
|---|---|
| Format: | Buchkapitel |
| Sprache: | Englisch |
| Schlagworte: | |
| Tags: |
Keine Tags, Fügen Sie das erste Tag hinzu!
|
MARC
| LEADER | 00000nla a2200000 4500 | ||
|---|---|---|---|
| 001 | 0235541 | ||
| 005 | 20240417075125.9 | ||
| 041 | 0 | |a eng | |
| 044 | |a US | ||
| 245 | 1 | 0 | |a Data analysis of traffic accidents in Slovakia: analysis of traffic accidents with regard to regions of Slovak Republic and types of road communications for year 2016 |c Tatiana Hajúková |
| 520 | |a Ohodnotenie stavu a bezpečnosti cestnej infraštruktúry Slovenska v roku 2016. Porovnanie počtu dopravných nehôd v rôznych regiónoch Slovenska. Definícia cestnej komunikácie regiónov Slovenska. | ||
| 610 | 2 | 0 | |a nehody dopravné |
| 610 | 2 | 0 | |a cesty dopravné pozemné |
| 610 | 2 | 0 | |a Slovensko |
| 610 | 2 | 0 | |a bezpečnosť dopravy |
| 610 | 2 | 0 | |a doprava cestná |
| 610 | 2 | 0 | |a analýza štatistická |
| 100 | 1 | |a Hajúková, Tatiana | |